• 首页
  • 本馆介绍
  • 公告通知
  • 最新文献
  • 馆藏检索
  • 电子资源
  • 读者导购
  • 参考咨询
  • 我的图书馆
  • 登录
  • 详细信息显示
  • 放入我的书架
  • 预约/预借图书
  • 作者相关作品
  • 分类相关作品
  • 丛书相关作品
  • 出版社相关作品

书目信息

  • 表格格式
  • 工作单格式
  • 卡片格式
题名:
祖先,祖先
    
 
作者: 李琳之 著
分册:  
出版信息: 太原   北岳文艺出版社  2017
页数: 334页
开本: 24cm
丛书名:
单 册:
中图分类: K210.3 , K210
科图分类:
主题词: 上古史--文化史--研究--中国
电子资源:
ISBN: 978-7-5378-5205-0
000 00981nam0 2200241 450
001 2148457376
005 20210104132746.76
010    @a978-7-5378-5205-0@dCNY49.80
100    @a20170704d2017 em y0chiy50 ea
101 0  @achi
102    @aCN@b140000
105    @aa z 000yy
200 1  @a祖先,祖先@9zu xian,zu xian@f李琳之著
210    @a太原@c北岳文艺出版社@d2017
215    @a334页@c图@d24cm
314    @a李琳之,本名李琳,山西大学特聘教授、山西省国际文化交流协会根祖文化研究会主任。著有《黄土魂》《天才的悲剧》等。
330    @a本书是李琳之先生作为中国上古文化研究学者近年来研究的最新成果,分为两部分:第一部分,他用充分的史料和考古发现,论证了晋南那块古老的土地与尧舜文化不可分割的血脉渊源。第二部分,从家族史的角度,微观解读中国乡绅文化的在相当长时间内对中国乡村文化的重要影响。
606 0  @a上古史@x文化史@x研究@y中国
690    @aK210.3@v5
690    @aK210@v4
701  0 @a李琳之@9li lin zhi@4著
801  2 @aCN@b58marc.cn@c20170831
905    @aZUCC@dK210@e2
    
    祖先,祖先/李琳之著.-太原:北岳文艺出版社,2017
    334页:图;24cm
    
    
    ISBN 978-7-5378-5205-0:CNY49.80
    本书是李琳之先生作为中国上古文化研究学者近年来研究的最新成果,分为两部分:第一部分,他用充分的史料和考古发现,论证了晋南那块古老的土地与尧舜文化不可分割的血脉渊源。第二部分,从家族史的角度,微观解读中国乡绅文化的在相当长时间内对中国乡村文化的重要影响。
●
相关链接 在五车中查询图书 在当当中查询图书 在豆瓣中查询图书


正题名:祖先,祖先     索取号:K210/2         预约/预借

序号 登录号 条形码 馆藏地/架位号 状态 备注
1 2000877650   2000877650   第二书库/ [索取号:K210/2] 已借出,限还日期为2024.04.08
借出人:李英  
 
2 2000877651   2000877651   第二书库/ [索取号:K210/2] 在馆    
3 2000877652   2000877652   第二书库/ [索取号:K210/2] 在馆    
山东省滨州职业学院图书馆 欢迎您!
大连网信软件有限公司© 版权所有